|
|
|
|
| LEADER |
00651 a2200145 4500 |
| 020 |
|
|
|a 9788126425228
|
| 082 |
|
|
|a M A301 BAB2/W
|b P9
|
| 100 |
|
|
|a Babu, M C(ബാബു,എം സി)
|9 16610
|
| 245 |
|
|
|a World blood bank(വേൾഡ് ബ്ലഡ് ബാങ്ക് )/
|c M C Babu(എം സി ബാബു)
|
| 260 |
|
|
|a Kottayam:
|b D C Books,
|c 2009.
|
| 300 |
|
|
|a 104p.
|
| 650 |
|
|
|a Short stories, Malayalam
|9 16722
|
| 942 |
|
|
|c BK
|
| 999 |
|
|
|c 62462
|d 62462
|
| 952 |
|
|
|0 0
|1 0
|4 0
|5 0
|6 M_A301_BAB2_W_P9
|7 0
|8 MAL
|9 54269
|a MGUL
|b MGUL
|c GEN
|d 2014-01-30
|e Current Books Bill No 871 dated 24.01.2014
|g 60.00
|l 1
|o M A301 BAB2/W P9
|p 50940
|r 2020-01-23
|s 2020-01-13
|w 2014-09-03
|y BK
|